The mother tongue : (Record no. 153)

000 -LEADER
fixed length control field 01691cam a2200409 4500
001 - CONTROL NUMBER
control field 5133720
003 - CONTROL NUMBER IDENTIFIER
control field LIBRIS
005 - DATE AND TIME OF LATEST TRANSACTION
control field 20241031130043.0
008 - FIXED-LENGTH DATA ELEMENTS--GENERAL INFORMATION
fixed length control field 011211s1990 xxu|||||||||||001 0|eng|
020 ## - INTERNATIONAL STANDARD BOOK NUMBER
International Standard Book Number 0688078958
Terms of availability CIP rev.
020 ## - INTERNATIONAL STANDARD BOOK NUMBER
Canceled/invalid ISBN 0888078958
040 ## - CATALOGING SOURCE
Original cataloging agency LC
Modifying agency LnuV
Language of cataloging eng
Transcribing agency DLC
041 ## - LANGUAGE CODE
Language code of text/sound track or separate title eng
080 ## - UNIVERSAL DECIMAL CLASSIFICATION NUMBER
Universal Decimal Classification number 811
Item number B-91
082 #4 - DEWEY DECIMAL CLASSIFICATION NUMBER
Classification number 420
Item number .9
Edition number 20
084 ## - OTHER CLASSIFICATION NUMBER
Classification number Fe
Number source kssb/8 (machine generated)
100 1# - MAIN ENTRY--PERSONAL NAME
Personal name Bryson, Bill,
Dates associated with a name 1951-
Relationship aut
Authority record control number or standard number https://libris.kb.se/86lnrsks1f9jq73#it
245 14 - TITLE STATEMENT
Title The mother tongue :
Remainder of title English & how it got that way /
Statement of responsibility, etc. Bill Bryson.
250 ## - EDITION STATEMENT
Edition statement 1. ed
260 ## - PUBLICATION, DISTRIBUTION, ETC.
Place of publication, distribution, etc. New York
Name of publisher, distributor, etc. W. Morrow,
Date of publication, distribution, etc. cop. 1990.
264 #1 - PRODUCTION, PUBLICATION, DISTRIBUTION, MANUFACTURE, AND COPYRIGHT NOTICE
Place of production, publication, distribution, manufacture :
300 ## - PHYSICAL DESCRIPTION
Extent 270 p.
Dimensions 25 cm.
504 ## - BIBLIOGRAPHY, ETC. NOTE
Bibliography, etc. note Includes bibliographical references (p. 247-255) and index.
520 ## - SUMMARY, ETC.
Summary, etc. Covers the history of language from its beginnings to the explosion of English as a global language in the twentieth century.
650 #7 - SUBJECT ADDED ENTRY--TOPICAL TERM
Topical term or geographic name entry element Engelska spr�ket
General subdivision historia
Source of heading or term sao
650 #0 - SUBJECT ADDED ENTRY--TOPICAL TERM
Topical term or geographic name entry element English language
General subdivision History
653 ## - INDEX TERM--UNCONTROLLED
Uncontrolled term ისტორია
-- ინგლისური ენა
887 ## - NON-MARC INFORMATION FIELD
Content of non-MARC field {"@id":"n5zr04404bjfzdz","modified":"2011-03-01T15:09:01+01:00","checksum":"26026496533"}
Source of data librisxl
887 ## - NON-MARC INFORMATION FIELD
Content of non-MARC field {"@id":"lqx4790r0p1p7wk","modified":"2011-03-01T14:11:41+01:00","checksum":"50825884933"}
Source of data librisxl
887 ## - NON-MARC INFORMATION FIELD
Content of non-MARC field {"@id":"chncvr5j0lnmngh","modified":"2015-11-17T13:09:55+01:00","checksum":"31320247932"}
Source of data librisxl
900 1s - EQUIVALENCE OR CROSS-REFERENCE-PERSONAL NAME [LOCAL, CANADA]
Linkage 100
Dates associated with a name 1951-
Affiliation Bryson, Bill,
Dates associated with a name 1951-
942 ## - ADDED ENTRY ELEMENTS (KOHA)
Source of classification or shelving scheme
Koha item type Books
Holdings
Withdrawn status Lost status Source of classification or shelving scheme Damaged status Not for loan Permanent location Current location Date acquired Inventory number Full call number Barcode Date last seen Price effective from Koha item type
          Ken Walker International University Ken Walker International University 11/11/2020 328 811 B-91 328 11/11/2020 11/11/2020 Books

Powered by Koha